Principles of multimedia / (Record no. 71681)

MARC details
000 -LEADER
fixed length control field 00985nam a22002657a 4500
005 - DATE AND TIME OF LATEST TRANSACTION
control field 20121127143816.0
008 - FIXED-LENGTH DATA ELEMENTS--GENERAL INFORMATION
fixed length control field 121127t xxu||||| |||| 00| 0 eng d
010 ## - LCCN (DPL NO)
LC control number ENG-106233
020 ## - INTERNATIONAL STANDARD BOOK NUMBER
International Standard Book Number 9781259006500
Terms of availability 550.00
020 ## - INTERNATIONAL STANDARD BOOK NUMBER
International Standard Book Number 1259006506
Terms of availability 550.00
035 ## - SYSTEM CONTROL NUMBER
System control number EN-89766
037 ## - SOURCE OF ACQUISITION
Source of stock number/acquisition DBAD/PUB
040 ## - CATALOGING SOURCE
Original cataloging agency DPL
Language of cataloging Eng
082 ## - DEWEY DECIMAL CLASSIFICATION NUMBER
Classification number 621.38
100 ## - MAIN ENTRY--PERSONAL NAME
Personal name Parekh, Ranjan
9 (RLIN) 53880
245 00 - TITLE STATEMENT
Title Principles of multimedia /
Statement of responsibility, etc by Ranjan Parekh
250 ## - EDITION STATEMENT
Edition statement 2nd ed
260 ## - PUBLICATION, DISTRIBUTION, ETC. (IMPRINT)
Place of publication, distribution, etc New Delhi
Name of publisher, distributor, etc Tata McGraw-Hill
Date of publication, distribution, etc 2013
270 ## - ADDRESS
Address 7 West Patel Nagar
City New Delhi
Postal code 110008
300 ## - PHYSICAL DESCRIPTION
Extent xxvi,825p.[8p. of plates] :
Other physical details ill. (some chiefly col.)
Dimensions 24cm(Hb)
500 ## - GENERAL NOTE
General note Includes index
942 ## - ADDED ENTRY ELEMENTS (KOHA)
Source of classification or shelving scheme Dewey Decimal Classification
Item type English Books
Classification part 621.38
Call number suffix PAR
Holdings
Withdrawn status Lost status Source of classification or shelving scheme Damaged status Not for loan Collection code Home library Current library Date acquired Source of acquisition Cost, normal purchase price Total Checkouts Full call number Barcode Date last seen Copy number Cost, replacement price Koha item type
    Dewey Decimal Classification   Not For Loan Non-fiction D.B.Act.Division D.B.Act.Division 27/11/2012 DBAD/PUB 550.00   621.38 PAR EN-89766 27/11/2012 1 550.00 English Books

© Delhi Public Library
Hit Counter
free hit counter